The law on sales, agency pledge and mortgages : (Record no. 17849)
[ view plain ]
| 000 -LEADER | |
|---|---|
| fixed length control field | 00564nam a22001817a 4500 |
| 003 - CONTROL NUMBER IDENTIFIER | |
| control field | OSt |
| 005 - DATE AND TIME OF LATEST TRANSACTION | |
| control field | 20140310182948.0 |
| 008 - FIXED-LENGTH DATA ELEMENTS--GENERAL INFORMATION | |
| fixed length control field | 130205t xxu||||| |||| 00| 0 eng d |
| 020 ## - INTERNATIONAL STANDARD BOOK NUMBER | |
| International Standard Book Number | 9789710489381 |
| 050 ## - LIBRARY OF CONGRESS CALL NUMBER | |
| Classification number | KPM 863 |
| Item number | .Su9 1998 |
| 100 ## - MAIN ENTRY--PERSONAL NAME | |
| Personal name | Suarez,Carlos B. |
| 245 ## - TITLE STATEMENT | |
| Title | The law on sales, agency pledge and mortgages : |
| Remainder of title | for business students / |
| Statement of responsibility, etc | Carlos B. Suarez, Alexander Q. Suarez. |
| 260 ## - PUBLICATION, DISTRIBUTION, ETC. (IMPRINT) | |
| Place of publication, distribution, etc | Manila |
| Name of publisher, distributor, etc | CPA Review School of the Philippines |
| Date of publication, distribution, etc | 2008, c1998 |
| 300 ## - PHYSICAL DESCRIPTION | |
| Extent | vii, 456 p. |
| Dimensions | 22 cm. |
| 521 ## - TARGET AUDIENCE NOTE | |
| Target audience note | |
| 942 ## - ADDED ENTRY ELEMENTS (KOHA) | |
| Source of classification or shelving scheme | Library of Congress Classification |
| Koha item type | Books |
| Call number prefix | Local |
| Withdrawn status | Lost status | Source of classification or shelving scheme | Damaged status | Home library | Current library | Shelving location | Date acquired | Total Checkouts | Total Renewals | Full call number | Barcode | Date last seen | Date checked out | Copy number | Price effective from | Koha item type |
|---|---|---|---|---|---|---|---|---|---|---|---|---|---|---|---|---|
| Library of Congress Classification | College Library | College Library | General Circulation Section | 11/25/2013 | 6 | 85 | KPM 863 .Su9 1998 | C12573 | 06/09/2023 | 06/07/2023 | 1 | 11/25/2013 | Books |